000 00614nam a2200229Ia 4500
003 OSt
005 20220924145555.0
006 a|||||r|||| 00| 0
007 ta
008 220923b |||||||| |||| 00| 0 per d
024 _a329346
037 _cTextual
040 _aARTS
_cARTS
_bper
041 _2per
_aper
082 _aQ7wD7MR, 164K7.1-.2
100 _aHussain Umaduddin Au.
_9220061
245 0 _aZindgani Hazrat Ali Ibne Masair
260 _c1967
650 _aISLAM
_9577
942 _hQ7wD7MR, 164K7.1-.2
_cTEXL
_2CC
999 _c460496
_d460496